000 00899nam a22002777a 4500
001 000430
003 DO-SdBNP
005 20171113122652.0
007 000430
008 160801b 1991 sp a ||||| |||| 00| 0 spa d
020 _a8471690179
040 _aBPMSU
_bspa
_cBPMSU
082 4 _a813
_bI72c
100 1 _aIrving, Washington,
_d1783-1859.
245 1 0 _aCuentos de la Alhambra /
_cWashington Irving ; traducción prólogo y notas ; Ricardo Villa-Real.
260 _aGranada :
_bMiguel Sánchez,
_c1991.
300 _a351 p. :
_bil. ;
_c19 cm.
500 _aIncluye datos biográficos del autor en las solapas
650 4 _aNOVELA ESTADOUNIDENSE
650 4 _aALHAMBRA
_xNOVELA
700 1 2 _aVilla-Real, Ricardo,
_epról.
910 _aValidado. Control de calidad MFF
942 _2ddc
_cBK
945 _aInventariado, 2017/MFF
956 _2LOPEREZ
_310
_620160108
_8BPMSU
_a00041
999 _c11062
_d11062